[Event "Titled Tuesday intern op 13th July"]
[Site "Chess.com INT"]
[Date "2021.07.13"]
[Round "5"]
[White "Sawyer, Bradley J"]
[Black "Sellitti, Federico"]
[Result "0-1"]
[WhiteElo "2172"]
[BlackElo "2176"]
[PlyCount "130"]
[EventDate "2021.07.13"]
[EventType "swiss (blitz)"]
[EventRounds "11"]
[EventCountry "USA"]
[SourceTitle "CBM 203 Extra"]
[Source "ChessBase"]
[SourceDate "2021.09.30"]
[SourceVersion "1"]
[SourceVersionDate "2021.09.30"]
[SourceQuality "1"]

1. c4 c5 2. g3 Nc6 3. Bg2 g6 4. Nc3 Bg7 5. e4 d6 6. Nge2 Nf6 7. 0-0 0-0 8. d3 Bd7 9. a3 a6 10. Rb1 Rb8 11. b4 cxb4 12. axb4 b5 13. cxb5 axb5 14. Bg5 h6 15. Bd2 Qc8 16. d4 Bh3 17. Qb3 Bxg2 18. Kxg2 Qb7 19. d5 Ne5 20. Rfd1 Nc4 21. Be1 Ng4 22. Nd4 Qd7 23. Ncxb5 Nce5 24. h3 Nf6 25. Nc3 h5 26. f4 Neg4 27. hxg4 Nxg4 28. Bf2 Rfc8 29. Rbc1 Ra8 30. Nc6 h4 31. gxh4 Nxf2 32. Kxf2 Qh3 33. Rg1 Qxh4+ 34. Ke3 Rc7 35. Ne2 Qh3+ 36. Rg3 Qd7 37. Kd3 Rac8 38. Ned4 e6 39. dxe6 fxe6 40. Qxe6+ Qxe6 41. Nxe6 Rxc6 42. Rxc6 Rxc6 43. Nxg7 Kf7 44. Ne6 Kxe6 45. Rxg6+ Ke7 46. f5 Rb6 47. Kc3 Rc6+ 48. Kb3 Rc1 49. Ka4 Re1 50. Re6+ Kd7 51. Kb5 Rc1 52. Kb6 Rc6+ 53. Kb5 Rc1 54. e5 dxe5 55. Rxe5 Rf1 56. Rc5 Rf4 57. Ka5 Kd6 58. Kb5 Kd7 59. Rd5+ Kc7 60. Kc5 Rf1 61. Kd4 Rf4+ 62. Kc3 Kc6 63. Rc5+ Kb6 64. Kd3 Rxb4 65. Rd5 Kc6 0-1

[Event "Southwest Class-ch 7th"]
[Site "Dallas"]
[Date "2016.02.14"]
[Round "6"]
[White "Sawyer, Bradley J"]
[Black "Brown, Michael William"]
[Result "1/2-1/2"]
[WhiteElo "2124"]
[BlackElo "2424"]
[PlyCount "85"]
[EventDate "2016.02.11"]
[EventType "swiss"]
[EventRounds "9"]
[EventCountry "USA"]
[SourceTitle "EXT 2018"]
[Source "ChessBase"]
[SourceDate "2017.10.13"]
[SourceVersion "1"]
[SourceVersionDate "2017.10.13"]
[SourceQuality "1"]

1. c4 e5 2. g3 Nc6 3. Bg2 g6 4. Nc3 Bg7 5. d3 d6 6. e4 Nf6 7. Nge2 0-0 8. 0-0 Nh5 9. Nd5 Be6 10. Be3 Nd4 11. Nxd4 exd4 12. Bd2 Qd7 13. Nf4 Nxf4 14. Bxf4 Rab8 15. a4 f5 16. Qd2 fxe4 17. Bxe4 Rbe8 18. Rfe1 Rf7 19. Bg2 c6 20. Bg5 Ref8 21. Rf1 Bf5 22. b4 h6 23. Bxh6 Bxh6 24. Qxh6 Bxd3 25. Rfd1 Qf5 26. Qd2 Bc2 27. Rf1 Bd3 28. g4 Qxg4 29. Qxd3 Rf4 30. Ra3 Kg7 31. Qd1 Qe6 32. Qc2 R8f5 33. Rg3 Re5 34. Qd2 Qf7 35. Qd3 Qe6 36. Qd2 Qf7 37. Qd3 Qe6 38. Bh3 Qf6 39. Kh1 Rh5 40. Rfg1 Rh6 41. R1g2 Rxf2 42. Rxf2 Qxf2 43. Rf3 1/2-1/2

[Event "Southwest Class-ch 7th"]
[Site "Dallas"]
[Date "2016.02.11"]
[Round "1"]
[White "Sawyer, Bradley J"]
[Black "Gurevich, Daniel"]
[Result "0-1"]
[WhiteElo "2124"]
[BlackElo "2477"]
[PlyCount "80"]
[EventDate "2016.02.11"]
[EventType "swiss"]
[EventRounds "9"]
[EventCountry "USA"]
[SourceTitle "EXT 2018"]
[Source "ChessBase"]
[SourceDate "2017.10.13"]
[SourceVersion "1"]
[SourceVersionDate "2017.10.13"]
[SourceQuality "1"]

1. c4 c5 2. g3 Nc6 3. Bg2 g6 4. Nc3 Bg7 5. e4 Nf6 6. Nge2 h5 7. h3 d6 8. d3 Bd7 9. Be3 a6 10. d4 cxd4 11. Nxd4 Rc8 12. Nxc6 Bxc6 13. 0-0 0-0 14. Qe2 Qa5 15. Rab1 Nd7 16. b4 Qd8 17. Rfc1 b6 18. f4 Ba8 19. Qd3 Re8 20. Bf2 Qc7 21. Nd5 Qb8 22. a4 e6 23. Ne3 Bc6 24. c5 dxc5 25. bxc5 b5 26. Nc2 Red8 27. Qe2 e5 28. Nb4 Qa8 29. Nxc6 Rxc6 30. axb5 axb5 31. Qxb5 h4 32. g4 exf4 33. e5 Nxe5 34. Bxc6 Nxc6 35. Rd1 Nd4 36. Qb7 Qxb7 37. Rxb7 Ne2+ 38. Kf1 Ng3+ 39. Bxg3 Rxd1+ 40. Ke2 hxg3 0-1

[Event "Dos Hermanas Internet qual-C 10th"]
[Site "ICC INT"]
[Date "2009.03.14"]
[Round "6"]
[White "Cuevas, Alex"]
[Black "Sawyer, Bradley J"]
[Result "0-1"]
[WhiteElo "2244"]
[BlackElo "2102"]
[PlyCount "126"]
[EventDate "2009.03.14"]
[EventType "swiss (blitz)"]
[EventRounds "12"]
[EventCountry "ESP"]
[SourceTitle "CBM 129 Extra"]
[Source "ChessBase"]
[SourceDate "2009.05.05"]
[SourceVersion "2"]
[SourceVersionDate "2009.05.20"]
[SourceQuality "1"]

1. c4 Nf6 2. g3 e6 3. Bg2 a6 4. Nf3 b5 5. 0-0 Bb7 6. b3 Be7 7. Bb2 0-0 8. d3 d6 9. Nbd2 Nbd7 10. Qc2 c5 11. e4 Rc8 12. Rad1 Rc7 13. Rfe1 Qa8 14. d4 cxd4 15. Nxd4 Rfc8 16. Qb1 b4 17. f3 Nc5 18. h3 g6 19. Kh2 e5 20. Nc2 a5 21. Ne3 a4 22. Nd5 Nxd5 23. exd5 f5 24. f4 e4 25. Ba1 Nd3 26. Re3 a3 27. Rxd3 exd3 28. Qxd3 Rf8 29. Nf3 Qd8 30. Nd4 Bc8 31. Re1 Bf6 32. Qd2 Re8 33. Ne6 Bxe6 34. dxe6 Bxa1 35. Rxa1 Qf6 36. Re1 Rce7 37. Qxd6 Qb2 38. Kh1 Qxa2 39. Bc6 Qf2 40. Qxb4 a2 41. Bxe8 Rxe6 42. Bf7+ Kxf7 43. Qb7+ Kf6 44. Rxe6+ Kxe6 45. Qd5+ Ke7 46. Qe5+ Kd7 47. Qd5+ Kc7 48. Qe5+ Kb6 49. Qf6+ Ka5 50. Qc3+ Ka6 51. Qa1 Qf3+ 52. Kh2 Qxb3 53. c5 Qc2+ 54. Kg1 Qb1+ 55. Kf2 Qxa1 56. c6 Qb2+ 57. Ke3 Qc3+ 58. Ke2 Qxc6 59. Kd2 a1Q 60. Kd3 Qaa4 61. Ke2 Qcb5+ 62. Kd2 Qbb3 63. Kc1 Qaa2 0-1

[Event "Dos Hermanas Internet qual-C 10th"]
[Site "ICC INT"]
[Date "2009.03.14"]
[Round "2"]
[White "Sawyer, Bradley J"]
[Black "Bachmann, Axel"]
[Result "1-0"]
[WhiteElo "2102"]
[BlackElo "2562"]
[PlyCount "113"]
[EventDate "2009.03.14"]
[EventType "swiss (blitz)"]
[EventRounds "12"]
[EventCountry "ESP"]
[SourceTitle "CBM 129 Extra"]
[Source "ChessBase"]
[SourceDate "2009.05.05"]
[SourceVersion "2"]
[SourceVersionDate "2009.05.20"]
[SourceQuality "1"]

1. e4 g6 2. d4 Bg7 3. Nc3 c6 4. Nf3 d5 5. Bd3 dxe4 6. Nxe4 Nd7 7. Qe2 Ndf6 8. c3 Nxe4 9. Bxe4 Nf6 10. Bc2 0-0 11. Bf4 Qb6 12. Bb3 Nd5 13. Be5 Bxe5 14. Qxe5 Be6 15. h4 Qc7 16. h5 Qxe5+ 17. Nxe5 Rfd8 18. hxg6 hxg6 19. 0-0-0 Kg7 20. Rhe1 Nf4 21. g3 Bxb3 22. axb3 Ne6 23. Re3 Rd5 24. Rde1 c5 25. dxc5 Nxc5 26. b4 Na6 27. Nxf7 Kxf7 28. Rxe7+ Kg8 29. Rxb7 Rf5 30. Re6 Nxb4 31. Rxg6+ Kf8 32. Rxb4 Rxf2 33. Rf4+ Rxf4 34. gxf4 Ke7 35. Ra6 Kd7 36. Kc2 Kc7 37. b4 Kb7 38. Rf6 Rh8 39. Kb3 Rh4 40. Kc4 Rh2 41. Kc5 Rc2 42. c4 Rc1 43. b5 Rh1 44. Rf7+ Kb8 45. f5 Rh5 46. Kc6 Rh8 47. c5 Rc8+ 48. Kd6 Rd8+ 49. Rd7 Rf8 50. Ke6 Rc8 51. c6 a6 52. c7+ Kb7 53. bxa6+ Kc6 54. f6 Rh8 55. f7 Kb6 56. Ke7 Rh7 57. c8Q 1-0

[Event "Dos Hermanas Internet qual-C 10th"]
[Site "ICC INT"]
[Date "2009.03.14"]
[Round "7"]
[White "Sawyer, Bradley J"]
[Black "Vijayalakshmi, Subbaraman"]
[Result "1-0"]
[WhiteElo "2102"]
[BlackElo "2464"]
[PlyCount "75"]
[EventDate "2009.03.14"]
[EventType "swiss (blitz)"]
[EventRounds "12"]
[EventCountry "ESP"]
[SourceTitle "CBM 129 Extra"]
[Source "ChessBase"]
[SourceDate "2009.05.05"]
[SourceVersion "2"]
[SourceVersionDate "2009.05.20"]
[SourceQuality "1"]

1. e4 e5 2. Nf3 Nc6 3. d4 exd4 4. Nxd4 Nf6 5. Nxc6 bxc6 6. e5 Qe7 7. Qe2 Nd5 8. c4 Ba6 9. b3 g5 10. g3 Bg7 11. Bb2 0-0-0 12. Nd2 Rhe8 13. 0-0-0 Nb6 14. f4 gxf4 15. gxf4 f6 16. exf6 Qf7 17. fxg7 Rxe2 18. Bxe2 d5 19. Rhg1 d4 20. Bd3 Qg8 21. Ne4 Qf7 22. Nc5 Rg8 23. Bxd4 Qxf4+ 24. Kb1 Bxc4 25. bxc4 Kb8 26. Bxh7 Nxc4 27. Bxg8 Nd2+ 28. Rxd2 Qxd2 29. Bb2 Qe3 30. Rc1 Qxc5 31. Rxc5 Kb7 32. Bc4 Kb6 33. Bd4 a5 34. g8Q Kb7 35. Qd8 a4 36. Ba6+ Kxa6 37. Qxc7 a3 38. Ra5# 1-0